| 000 | 00819cam a2200193 a 4500 | ||
|---|---|---|---|
| 082 | 0 | 0 |
_a628.0913 _bCAI _cL-22, P-17 |
| 100 | 1 |
_aCairncross, Sandy. _96138 |
|
| 245 | 1 | 0 |
_aEnvironmental health engineering in the tropics : _ban introductory text / _cSandy Cairncross and Richard G. Feachem. |
| 260 |
_aChichester [West Sussex] ; _aNew York : _bWiley, _cc1983. |
||
| 300 |
_axiii, 283 p. : _bill. ; _c25 cm. |
||
| 526 |
_a0 _b0 _c0 _d628_091300000000000_CAI |
||
| 650 | 0 |
_aMCE _9379 |
|
| 650 | 0 |
_aSanitary engineering _xTropical conditions. _96139 |
|
| 650 | 0 |
_aSanitary engineering _zDeveloping countries. _96140 |
|
| 700 | 1 |
_aFeachem, Richard G., _944115 |
|
| 856 | 4 | 1 | _uhttp://www.loc.gov/catdir/enhancements/fy0607/82011092-t.html |
| 856 | 4 | 2 | _uhttp://www.loc.gov/catdir/enhancements/fy0607/82011092-d.html |
| 942 |
_2ddc _cBK |
||
| 999 |
_c547944 _d547944 |
||